Norse Mythology Gods and Monsters - Statistics

General Stats
  • This quiz has been taken 6,425 times
  • The average score is 8 of 25
Answer Stats
Hint Answer % Correct
All Father Odin
98%
God of Thunder, Wielder of Mjolnir Thor
96%
God of Evil Loki
79%
Goddess of Beauty. Strong Vanir Goddess Freya
68%
Goddess of Helheim Hel
60%
Son of Loki, turns into a powerful wolf Fenrir
55%
God of War Tyr
53%
Guardian of the Bi-Frost Heimdall
52%
Wife of Thor, Valkyrie Sif
31%
God of Justice, Son of Odin Balder
30%
Goddess of Marriage, and Happiness, Mother of Thor Frigga
26%
All Father of Frost Giants Ymir
26%
God of the Sun Freyr
17%
Son of Thor, Nickname: ______ the Mighty Magni
16%
Most Powerful Deity in Norse Mythology, Wielder of Laveteinn, Ruler of Niffleheim Surt
16%
Goddess of Winter and Hunting Skadi
15%
Goddess of Skiing and Archery Njord
14%
God of Courage Modi
12%
Frost Giant, Odin fought and killed him, but at a great cost Mimir
8%
God of the Seas Aegir
6%
God of Medicine and Healing Eir
3%
Valkyrie Leader Thrud
3%
Made for Loki by Brokkr and Sindir, due to their loss of a wager Gullinbursti
1%
God of Destruction Navis
1%
Goddess of Human Passion Sjofn
1%
No matching quizzes found
Score Distribution
Percent of People with Each Score
Percentile by Number Answered
Your Score History
You have not taken this quiz